| 000 | 00350pab a2200145 454500 | ||
|---|---|---|---|
| 008 | 180718b1998 xxu||||| |||| 00| 0 eng d | ||
| 100 | _aGuhan, S. | ||
| 245 | _aWorld Bank on governance: a critique | ||
| 260 | _c1998 | ||
| 300 | _ap.185-90 | ||
| 362 | _a24 Jan | ||
| 650 | _aWorld Bank | ||
| 773 | _aEconomic and Political Weekly | ||
| 909 | _a36402 | ||
| 999 |
_c36402 _d36402 |
||